Legislation Penale En Matiere Commerciale / (Record no. 72072)
[ view plain ]
| 000 -LEADER | |
|---|---|
| fixed length control field | 01158nam a22003377i 4500 |
| 003 - CONTROL NUMBER IDENTIFIER | |
| control field | EG-GICUC |
| 005 - DATE AND TIME OF LATEST TRANSACTION | |
| control field | 20260420094334.0 |
| 008 - FIXED-LENGTH DATA ELEMENTS--GENERAL INFORMATION | |
| fixed length control field | 260420s1949 fr |||fr|||| 00| 0 fre d |
| 040 ## - CATALOGING SOURCE | |
| Original cataloging agency | EG-GiCUC |
| Transcribing agency | EG-GiCUC |
| Modifying agency | EG-GiCUC |
| Description conventions | Rda |
| 082 04 - DEWEY DECIMAL CLASSIFICATION NUMBER | |
| Edition number | 21 |
| Classification number | 343.411 |
| Item number | AY . L |
| 092 04 - LOCALLY ASSIGNED DEWEY CALL NUMBER (OCLC) | |
| Edition number | 21 |
| 099 ## - LOCAL FREE-TEXT CALL NUMBER (OCLC) | |
| Classification number | Law1 10 343.411 AY . L 1949 |
| 100 1# - MAIN ENTRY--PERSONAL NAME | |
| Personal name | Aydalot, Maurice |
| Relator term | Auteur |
| 245 10 - TITLE STATEMENT | |
| Title | Legislation Penale En Matiere Commerciale / |
| Statement of responsibility, etc. | Maurice Aydalot, Maurice Patin, Paul Caujolle. |
| 250 ## - EDITION STATEMENT | |
| Edition statement | Deuxieme Edition |
| 264 #1 - PRODUCTION, PUBLICATION, DISTRIBUTION, MANUFACTURE, AND COPYRIGHT NOTICE | |
| Place of production, publication, distribution, manufacture | Paris : |
| Name of producer, publisher, distributor, manufacturer | Presses Universitaires De France |
| Date of production, publication, distribution, manufacture, or copyright notice | 1949. |
| 300 ## - PHYSICAL DESCRIPTION | |
| Extent | 400 page ; |
| Dimensions | 24 cm. |
| 336 ## - CONTENT TYPE | |
| Source | rda contenu |
| Content type term | texte |
| 337 ## - MEDIA TYPE | |
| Source | rda medias |
| Media type term | Ordinateur |
| 338 ## - CARRIER TYPE | |
| Source | transporteur rda |
| Carrier type term | Ressource en ligne |
| 500 ## - GENERAL NOTE | |
| General note | COURS PROFESSE A L'ECOLE NATIONALE D'ORGANISATION ECONOMIQUE ET SOCIALE |
| 546 ## - LANGUAGE NOTE | |
| Language note | Texte en français |
| 650 14 - SUBJECT ADDED ENTRY--TOPICAL TERM | |
| Topical term or geographic name entry element | Code pénal économique |
| Source of heading or term | qrmak |
| 650 14 - SUBJECT ADDED ENTRY--TOPICAL TERM | |
| Topical term or geographic name entry element | Droit pénal complémentaire |
| 651 1# - SUBJECT ADDED ENTRY--GEOGRAPHIC NAME | |
| Source of heading or term | qrmak |
| 700 1# - ADDED ENTRY--PERSONAL NAME | |
| Personal name | Patin, Maurice |
| Relator term | Auteur |
| 700 1# - ADDED ENTRY--PERSONAL NAME | |
| Personal name | Caujolle, Paul |
| Relator term | Auteur |
| 856 40 - ELECTRONIC LOCATION AND ACCESS | |
| Uniform Resource Identifier | <a href="https://fll.law.cu.edu.eg/fulltext/bks/B10-10536.pdf">https://fll.law.cu.edu.eg/fulltext/bks/B10-10536.pdf</a> |
| 905 ## - Cataloger and Reviser Names | |
| Cataloger Name: | Mayar Adel |
| 942 ## - ADDED ENTRY ELEMENTS (KOHA) | |
| Source of classification or shelving scheme | Dewey Decimal Classification |
| Koha item type | Books |
| Edition | 21 |
| Suppress in OPAC | No |
| Withdrawn status | Lost status | Source of classification or shelving scheme | Damaged status | Not for loan | Collection | Home library | Current library | Date acquired | Total checkouts | Full call number | Barcode | Date last seen | Copy number | Price effective from | Koha item type |
|---|---|---|---|---|---|---|---|---|---|---|---|---|---|---|---|
| Dewey Decimal Classification | Damaged | Not for loan | القانون الجنائي | جــــامعة القــاهرة | مكتبة كلية الحقوق - المبنى الرئيسي | 20.04.2026 | Law1 10 343.411 AY . L 2 . ed -1949 1010536 C1 | B10-10536 | 20.04.2026 | 1 | 20.04.2026 | Books |